| Tag |
First Indicator |
Second Indicator |
Subfields |
| LEADER |
00000cam a2200000 4500 |
| 001 |
in00000789821 |
| 005 |
20151017064714.0 |
| 008 |
730209s1961 nyua b 00000 eng |
| 010 |
|
|
|a 61011513
|
| 035 |
|
|
|a (OCoLC)00556439
|
| 035 |
|
|
|9 ADN4956AM
|
| 040 |
|
|
|a DLC
|c WSU
|d OCL
|d SER
|d m.c.
|d TXA
|d UtOrBLW
|
| 049 |
1 |
|
|a TXA1 [KAID]
|
| 050 |
0 |
0 |
|a QL673
|b .B47
|
| 082 |
0 |
|
|a 598.2
|
| 090 |
|
|
|a QL673
|b .B47 1961
|
| 100 |
1 |
|
|a Berger, Andrew John,
|d 1915-1995.
|
| 245 |
1 |
0 |
|a Bird study.
|
| 264 |
|
1 |
|a New York :
|b Wiley,
|c [1961]
|
| 300 |
|
|
|a 389 pages :
|b illustrations ;
|c 24 cm.
|
| 336 |
|
|
|a text
|b txt
|2 rdacontent
|
| 337 |
|
|
|a unmediated
|b n
|2 rdamedia
|
| 338 |
|
|
|a volume
|b nc
|2 rdacarrier
|
| 504 |
|
|
|a Includes bibliography.
|
| 650 |
|
0 |
|a Ornithology.
|
| 999 |
|
|
|a MARS
|
| 999 |
f |
f |
|s 8662a2b3-db33-3830-9a48-9597b4f149fe
|i 93eb8e54-dbcc-3be5-807a-68af4256e315
|t 0
|
| 952 |
f |
f |
|p noncirc
|a Texas A&M University
|b College Station
|c Cushing Memorial Library & Archives
|d Cushing: Kincaid/Misc. (Remote Storage: 2-3 day retrieval)
|t 0
|e QL673 .B47 1961
|h Library of Congress classification
|i unmediated -- volume
|
| 998 |
f |
f |
|a QL673 .B47 1961
|t 0
|l Cushing: Kincaid/Misc. (Remote Storage: 2-3 day retrieval)
|